[Event "GEO-ch U20 Girls 2020"]
[Site "Tbilisi"]
[Date "2020.08.10"]
[Round "5.7"]
[White "Pipia, Ekaterine"]
[Black "Donghvani, Nia"]
[Result "1/2-1/2"]
[WhiteElo "2071"]
[BlackElo "1994"]
[Annotator "TA"]
[PlyCount "62"]
[EventDate "2020.08.06"]
[EventType "tourn"]
[EventCountry "GEO"]
[SourceTitle "playchess.com"]
[Source "ChessBase"]
[SourceQuality "1"]

{[%evp 22,62,49,56,43,44,33,56,37,27,20,10,50,26,73,55,45,49,72,66,89,72,160,156,134,119,271,0,0,-50,0,0,0,0,0,0,0,0,0,0,0,0,0]} 1. d4 Nf6 2. c4 c5 3. d5 e6 4. Nf3 exd5 5. cxd5 d6 6. Nc3 g6 7. Bf4 Bg7 8. Qa4+ Bd7 9. Qb3 Qc7 10. e4 O-O 11. Nd2 Nh5 12. Be3 f5 {A70: Modern Benoni: 6 e4 g6 7 Nf3.} 13. exf5 Bxf5 {seems to push 13...gxf5 aside.} 14. Be2 {Hoping for g4.} Nf6 {White is slightly better.} 15. h3 Na6 16. a3 Qe7 17. O-O Nc7 {[#]} 18. Rfe1 $146 ({Predecessor:} 18. Rad1 b6 19. Rfe1 Rae8 20. a4 Qd8 21. Bf1 Nfxd5 22. Nxd5 Be6 23. Bc4 Nxd5 24. Bxd5 {1-0 (32) Prakken,G (2218)-Jensen,L (1924) Triesen 2008}) 18... Qf7 {[%cal Rf6d5]} 19. Rad1 Rab8 ({Don't go for} 19... Ncxd5 $2 20. Bc4 $18) 20. Nc4 Nfe8 21. a4 Na6 (21... b6 $142) 22. Nb5 $16 Rd8 23. Bf3 ({Resist} 23. Nxa7 $6 Nb4 $14) 23... Nb4 $2 {[#]} (23... Qf6 $16) 24. Bg5 $2 ({White should play} 24. Nbxd6 $1 $18 {[%mdl 512]} Nxd6 (24... Rxd6 25. Bxc5) 25. Nxd6 Rxd6 26. Bxc5 {[%mdl 64] Double Attack}) 24... Bc2 $15 {[%mdl 64] Double Attack} 25. Qe3 Bxd1 26. Rxd1 {The position is equal.} Bf6 $1 27. Bh6 Bg7 {White must now prevent ...Bxh6.} 28. Bg5 Bf6 $1 29. Bh6 Bg7 {Strongly threatening ...Bxh6.} 30. Bg5 Bf6 $1 31. Bh6 Bg7 {Accuracy: White = 93%, Black = 62%.} 1/2-1/2

[Event "GEO-ch U20 Girls 2020"]
[Site "Tbilisi"]
[Date "2020.08.10"]
[Round "5.8"]
[White "Bechvaia, Maia"]
[Black "Esadze, Tamari"]
[Result "1/2-1/2"]
[WhiteElo "1597"]
[BlackElo "1882"]
[Annotator "NA"]
[PlyCount "116"]
[EventDate "2020.08.06"]
[EventType "tourn"]
[EventCountry "GEO"]
[SourceTitle "playchess.com"]
[Source "ChessBase"]
[SourceQuality "1"]
[TimeControl "40/5400+30:1800+30"]

{[%evp 8,91,0,6,9,6,8,0,17,0,0,0,0,-10,0,-10,-8,-5,0,-20,-34,-34,12,-31,-34,-70,-74,-112,-74,-75,-36,-96,-105,-106,-99,-107,-108,-102,-104,-101,-103,-126,0,-111,-7,-35,-6,-97,-89,-94,0,0,0,0,0,0,148,151,173,193,219,222,256,32767,32767,86,363,235,32767,32767,32767,262,370,325,508,543,510,530,549,32767,32767,32767,32767,388,449,521]} 1. e4 {[%emt 0:00:00]} c5 {[%emt 0:00:00]} 2. Nf3 {[%emt 0:00:00]} d6 {[%emt 0:00:00]} 3. c3 {[%emt 0:00:00]} Nf6 {[%emt 0:00:00]} 4. h3 {[%emt 0:00:00]} Nc6 {[%emt 0:00:00]} 5. Bd3 {[%emt 0:00:05]} e5 {[%emt 0:00:05]} 6. O-O {[%emt 0:00:17]} Be7 {[%emt 0:00:10]} 7. Bc2 {[%emt 0:00:11]} Qc7 {[%emt 0:00:13]} 8. d3 {[%emt 0:01:45]} O-O {[%emt 0:00:13]} 9. Nbd2 {[%emt 0:07:38] B50: Sicilian: 2...d6, Miscellaneous.} h6 {[%emt 0:00:17]} 10. Re1 {[%emt 0:00:13]} Be6 {[%emt 0:00:03]} 11. Nf1 {[%emt 0:00:05]} d5 {[%emt 0:00:43]} 12. exd5 {[%emt 0:00:31]} Nxd5 {[%emt 0:00:14] [#]} 13. Bb3 $146 {[%emt 0:01:16]} ({Predecessor:} 13. Ba4 Bd6 14. N1d2 Nf4 15. Nc4 Bxc4 16. dxc4 Ng6 17. g4 Rad8 18. Qe2 f5 19. gxf5 Rxf5 {1-0 (35) Mohr,G (2488)-Stevanec,L (2112) Ljubljana 2000}) 13... Rad8 {[%emt 0:03:21]} 14. Ng3 {[%emt 0:04:26]} c4 {[%emt 0:21:08]} 15. Bxc4 {[%emt 0:04:09]} Nxc3 $1 {[%emt 0:00:37]} 16. bxc3 {[%emt 0:00:18]} Bxc4 {[%emt 0:00:02] Pin} 17. d4 {[%emt 0:00:22]} exd4 {[%emt 0:03:19]} 18. cxd4 {[%emt 0:00:39]} Bf6 {[%emt 0:02:30]} 19. Bb2 {[%emt 0:05:01]} Qb6 {[%emt 0:07:08]} 20. Qc2 {[%emt 0:01:03]} Bd5 {[%emt 0:03:05]} 21. Ne4 {[%emt 0:01:42]} Bxd4 {[%emt 0:01:52]} 22. Nxd4 {[%emt 0:01:19]} Nxd4 {[%emt 0:00:03]} 23. Qc3 {[%emt 0:02:05]} Bc6 {[%emt 0:09:13]} 24. Ng3 {[%emt 0:08:31]} f6 {[%emt 0:11:10]} ({Black should play} 24... Rd5 $17 25. Rad1 Rfd8) 25. Re7 {[%emt 0:00:57]} (25. Rad1 $11 {keeps the balance.} Nb5 26. Qc2) 25... Be8 {[%emt 0:09:08]} (25... Rf7 $17 26. Rxf7 Kxf7) 26. Rae1 {[%emt 0:16:34]} Bf7 {[%emt 0:01:24]} 27. a4 {[%emt 0:00:16]} (27. Qc7 $11 {remains equal.}) 27... Nc6 {[%emt 0:02:15]} 28. R7e2 {[%emt 0:00:30]} Nb4 {[%emt 0:02:54]} (28... Qb3 $17 29. Nf5 Qxc3 30. Bxc3 Rd3) 29. a5 {[%emt 0:02:53]} Qb5 {[%emt 0:02:53]} 30. Ba3 $1 {[%emt 0:00:27]} Nd5 {[%emt 0:00:54]} 31. Qb2 {[%emt 0:00:56]} Qxa5 {[%emt 0:12:42]} (31... Qxb2 $11 {remains equal.} 32. Rxb2 Rfe8 33. Rxe8+ Rxe8) 32. Bxf8 {[%emt 0:00:20]} Rxf8 {[%emt 0:00:01]} 33. Qxb7 {[%emt 0:02:35]} Nf4 {[%emt 0:01:55]} 34. Re7 {[%emt 0:00:21]} Qd2 {[%emt 0:03:39]} 35. Qxa7 {[%emt 0:01:30]} Qd5 {[%emt 0:01:52]} 36. Qb7 $2 {[%emt 0:01:53]} (36. R1e4 $18 {has better winning chances.} Ng6 37. Rc7) 36... Qd2 $2 {[%emt 0:00:04]} (36... Qxb7 $16 {keeps fighting.} 37. Rxb7 Nxg2) 37. Qd7 {[%emt 0:05:12]} Qc3 {[%emt 0:02:07]} 38. Qg4 {[%emt 0:04:51]} Ng6 {[%emt 0:00:45]} 39. R7e3 {[%emt 0:02:45]} Qb2 {[%emt 0:00:51]} (39... Qc5 $142 40. Nf5 Rd8 41. Ne7+ Kh7 42. Nxg6 Bxg6) 40. Nf5 {[%emt 0:00:08]} Kh7 {[%emt 0:00:32]} 41. h4 {[%emt 0:30:57]} Rg8 {[%emt 0:30:08]} 42. Nd6 {[%emt 0:02:38]} Ba2 {[%emt 0:00:54]} 43. h5 {[%emt 0:01:12]} Ne5 {[%emt 0:00:03]} 44. Qf5+ {[%emt 0:00:09]} Kh8 {[%emt 0:00:07]} 45. f4 {[%emt 0:01:33]} Nc6 {[%emt 0:00:58]} 46. Qc5 $18 {[%emt 0:03:12]} Nd4 {[%emt 0:00:25]} 47. Re4 {[%emt 0:01:15]} Nc2 {[%emt 0:00:43]} 48. R1e2 {[%emt 0:02:24]} Qc1+ {[%emt 0:00:45]} 49. Kh2 {[%emt 0:00:15]} Bb3 {[%emt 0:00:17]} 50. Rc4 {[%emt 0:02:46]} Bxc4 {[%emt 0:00:38]} 51. Qxc4 {[%emt 0:00:02]} Qa3 {[%emt 0:00:37]} 52. Nf7+ {[%emt 0:00:07]} Kh7 {[%emt 0:00:03]} 53. Qxc2+ {[%emt 0:00:08]} g6 {[%emt 0:00:02]} 54. hxg6+ {[%emt 0:00:34]} Rxg6 {[%emt 0:00:02]} 55. Nh8 {[%emt 0:00:16]} Qg3+ {[%emt 0:00:17]} 56. Kg1 {[%emt 0:01:01]} Kxh8 {[%emt 0:00:05]} 57. Re8+ {[%emt 0:01:18]} Rg8 {[%emt 0:00:06]} 58. Rxg8+ {[%emt 0:00:09]} Qxg8 {[%emt 0:00:19]} 1/2-1/2

[Event "GEO-ch U20 Girls 2020"]
[Site "Tbilisi"]
[Date "2020.08.10"]
[Round "5.9"]
[White "Janiashvili, Mariami"]
[Black "Koridze, Lile"]
[Result "0-1"]
[WhiteElo "2012"]
[BlackElo "1996"]
[Annotator "ChessBase"]
[PlyCount "86"]
[EventDate "2020.08.06"]
[EventType "tourn"]
[EventCountry "GEO"]
[SourceTitle "playchess.com"]
[Source "ChessBase"]
[SourceQuality "1"]
[TimeControl "40/5400+30:1800+30"]

1. d4 {[%emt 0:00:00]} Nf6 {[%emt 0:00:00]} 2. c4 {[%emt 0:00:00]} e6 {[%emt 0:00:00]} 3. Nf3 {[%emt 0:00:00]} d5 {[%emt 0:00:00]} 4. g3 {[%emt 0:00:30]} Bb4+ {[%emt 0:00:07]} 5. Bd2 {[%emt 0:00:08]} Be7 {[%emt 0:00:04]} 6. Bg2 {[%emt 0:00:20]} O-O {[%emt 0:00:07]} 7. O-O {[%emt 0:00:16]} c6 {[%emt 0:00:05]} 8. Qc2 {[%emt 0:00:29]} b6 {[%emt 0:01:17]} 9. Rd1 {[%emt 0:00:46]} Bb7 {[%emt 0:03:24]} 10. b3 {[%emt 0:00:19]} Ne4 {[%emt 0:04:29]} 11. Bc1 {[%emt 0:08:18]} Nd7 {[%emt 0:04:31]} 12. Bb2 {[%emt 0:11:38]} Rc8 {[%emt 0:03:35]} 13. Nc3 {[%emt 0:01:46]} f5 {[%emt 0:03:30]} 14. e3 {[%emt 0:08:15]} Bd6 {[%emt 0:08:08]} 15. Rac1 {[%emt 0:03:50]} Qe7 {[%emt 0:06:00]} 16. Ne1 {[%emt 0:08:53]} Ndf6 {[%emt 0:05:45]} 17. f3 {[%emt 0:18:12]} Ng5 {[%emt 0:14:15]} 18. Nd3 {[%emt 0:03:14]} dxc4 {[%emt 0:02:39]} 19. bxc4 {[%emt 0:01:45]} c5 {[%emt 0:00:23]} 20. Qe2 {[%emt 0:04:07]} Ba6 {[%emt 0:11:16]} 21. Nb5 {[%emt 0:01:48]} Bb8 {[%emt 0:06:58]} 22. dxc5 {[%emt 0:03:14]} bxc5 {[%emt 0:00:09]} 23. Ne5 {[%emt 0:06:33]} Bb7 {[%emt 0:02:26]} 24. Rd2 {[%emt 0:02:53]} a6 {[%emt 0:00:46]} 25. Na3 {[%emt 0:00:10]} Rfd8 {[%emt 0:01:03]} 26. Rcd1 {[%emt 0:05:46]} Bc7 {[%emt 0:06:23]} 27. Bc3 {[%emt 0:01:26]} Rxd2 {[%emt 0:00:56]} 28. Rxd2 {[%emt 0:00:19]} Rd8 {[%emt 0:00:40]} 29. Kf2 {[%emt 0:00:41]} Rxd2 {[%emt 0:05:11]} 30. Qxd2 {[%emt 0:00:05]} Bxf3 {[%emt 0:00:12]} 31. Qb2 {[%emt 0:04:00]} Bxe5 {[%emt 0:01:20]} 32. Bxe5 {[%emt 0:00:20]} Ng4+ {[%emt 0:00:21]} 33. Kg1 {[%emt 0:00:13]} Qd7 {[%emt 0:00:33]} 34. Qb8+ {[%emt 0:01:45]} Kf7 {[%emt 0:00:05]} 35. Bd6 {[%emt 0:00:06]} Bxg2 {[%emt 0:03:13]} 36. Kxg2 {[%emt 0:00:48]} Nxe3+ {[%emt 0:00:39]} 37. Kf2 {[%emt 0:00:17]} Ne4+ {[%emt 0:01:30]} 38. Kxe3 {[%emt 0:00:03]} Nxd6 {[%emt 0:00:03]} 39. Qb6 {[%emt 0:00:46]} Ne4 {[%emt 0:00:23]} 40. Qb2 {[%emt 0:00:04]} Qd1 {[%emt 0:01:08]} 41. Nb1 {[%emt 0:30:27]} Qe1+ {[%emt 0:31:01]} 42. Kf3 {[%emt 0:00:25]} Ng5+ {[%emt 0:00:34]} 43. Kg2 {[%emt 0:00:12]} Qe4+ {[%emt 0:00:06]} 0-1

[Event "GEO-ch U20 Girls 2020"]
[Site "Tbilisi"]
[Date "2020.08.10"]
[Round "5.10"]
[White "Kirtadze, Anastasia"]
[Black "Lomaia, Diana"]
[Result "1-0"]
[WhiteElo "1679"]
[BlackElo "1999"]
[Annotator "ChessBase"]
[PlyCount "91"]
[EventDate "2020.08.06"]
[EventType "tourn"]
[EventCountry "GEO"]
[SourceTitle "playchess.com"]
[Source "ChessBase"]
[SourceQuality "1"]
[TimeControl "40/5400+30:1800+30"]

1. c4 {[%emt 0:01:32]} e5 {[%emt 0:00:00]} 2. Nc3 {[%emt 0:00:38]} Nf6 {[%emt 0:00:00]} 3. g3 {[%emt 0:01:10]} c6 {[%emt 0:01:13]} 4. Bg2 {[%emt 0:01:23]} d5 {[%emt 0:01:12]} 5. cxd5 {[%emt 0:01:44]} cxd5 {[%emt 0:00:01]} 6. d3 {[%emt 0:01:13]} Nc6 {[%emt 0:03:33]} 7. Nf3 {[%emt 0:05:54]} Be7 {[%emt 0:01:25]} 8. O-O {[%emt 0:01:00]} O-O {[%emt 0:00:23]} 9. Bg5 {[%emt 0:05:52]} Be6 {[%emt 0:02:26]} 10. d4 {[%emt 0:14:34]} e4 {[%emt 0:03:22]} 11. Ne5 {[%emt 0:00:19]} Nd7 {[%emt 0:04:59]} 12. Nxc6 {[%emt 0:02:10]} bxc6 {[%emt 0:00:07]} 13. Bxe7 {[%emt 0:00:36]} Qxe7 {[%emt 0:00:03]} 14. Rc1 {[%emt 0:00:42]} Rac8 {[%emt 0:03:50]} 15. a3 {[%emt 0:04:08]} h6 {[%emt 0:07:49]} 16. Na4 {[%emt 0:04:25]} Nb6 {[%emt 0:05:50]} 17. Nxb6 {[%emt 0:02:59]} axb6 {[%emt 0:00:12]} 18. Qb3 {[%emt 0:00:36]} Qa7 {[%emt 0:02:08]} 19. Qe3 {[%emt 0:05:17]} Rc7 {[%emt 0:08:42]} 20. Rc2 {[%emt 0:01:32]} Rfc8 {[%emt 0:12:18]} 21. f3 {[%emt 0:06:16]} exf3 {[%emt 0:02:19]} 22. exf3 {[%emt 0:00:46]} c5 {[%emt 0:03:19]} 23. Rd2 {[%emt 0:03:35]} c4 {[%emt 0:07:38]} 24. f4 {[%emt 0:04:25]} c3 {[%emt 0:03:15]} 25. bxc3 {[%emt 0:00:35]} Rxc3 {[%emt 0:00:09]} 26. Qe5 {[%emt 0:00:55]} Bd7 {[%emt 0:08:47]} 27. Bxd5 {[%emt 0:04:48]} Bh3 {[%emt 0:00:40]} 28. Rfd1 {[%emt 0:01:25]} Bg4 {[%emt 0:03:09]} 29. Rf1 {[%emt 0:02:12]} Qxa3 {[%emt 0:07:13]} 30. Ra2 {[%emt 0:08:02]} Qb4 {[%emt 0:01:59]} 31. Bxf7+ {[%emt 0:05:39]} Kh8 {[%emt 0:02:21]} 32. Ra7 {[%emt 0:01:48]} Rc1 {[%emt 0:01:13]} 33. Bc4 {[%emt 0:00:19]} Rxf1+ {[%emt 0:00:15]} 34. Bxf1 {[%emt 0:00:06]} Rg8 {[%emt 0:00:53]} 35. h3 {[%emt 0:01:25]} Bf3 {[%emt 0:01:17]} 36. f5 {[%emt 0:01:06]} Qf8 {[%emt 0:01:13]} 37. Kf2 {[%emt 0:01:42]} Bc6 {[%emt 0:02:44]} 38. Rc7 {[%emt 0:01:18]} Bh1 {[%emt 0:00:25]} 39. Bc4 {[%emt 0:03:49]} Qb4 {[%emt 0:00:06]} 40. f6 {[%emt 0:00:55]} Qd2+ {[%emt 0:00:18]} 41. Be2 {[%emt 0:30:22]} Rf8 {[%emt 0:31:10]} 42. Rxg7 {[%emt 0:00:38]} Qa5 {[%emt 0:00:25]} 43. Qf4 {[%emt 0:00:41]} Qd2 {[%emt 0:00:22]} 44. Qxd2 {[%emt 0:00:22]} Rxf6+ {[%emt 0:00:01]} 45. Kg1 {[%emt 0:00:02]} Kxg7 {[%emt 0:00:07]} 46. Kxh1 {[%emt 0:00:14]} 1-0

[Event "GEO-ch U20 Girls 2020"]
[Site "Tbilisi"]
[Date "2020.08.10"]
[Round "5.11"]
[White "Mgeladze, Kesaria"]
[Black "Tsotsonava, Elene"]
[Result "1/2-1/2"]
[WhiteElo "1215"]
[BlackElo "2012"]
[Annotator "TA"]
[PlyCount "71"]
[EventDate "2020.08.06"]
[EventType "tourn"]
[EventCountry "GEO"]
[SourceTitle "playchess.com"]
[Source "ChessBase"]
[SourceQuality "1"]

{[%evp 13,71,4,35,0,0,-6,0,-40,-35,-39,-42,-40,31,0,35,35,24,16,18,0,0,0,13,0,0,-10,-13,-14,-14,-29,-4,-40,0,-33,0,0,0,0,0,0,0,0,0,0,0,0,0,0,0,0,0,0,0,0,0,0,0,0,0,0]} 1. e4 c5 2. Nf3 e6 3. c3 Nf6 4. e5 Nd5 5. d4 cxd4 6. cxd4 b6 7. Nc3 Bb7 8. Nxd5 {B22: Sicilian: 2 c3.} Bxd5 9. Bd3 Bb4+ {[#]} 10. Bd2 $146 ({Predecessor:} 10. Kf1 Nc6 11. Be3 Be7 12. h4 f5 13. Ng5 O-O 14. Qh5 h6 15. Qg6 Bxg5 16. hxg5 {½-½ (31) Ruiz,P (2159)-Boudre,J (2370) France 2004}) 10... Nc6 11. Bxb4 Nxb4 12. Bb1 Bc4 (12... d6 $15) 13. a3 (13. Nd2 $5 {[%cal Rd2c4]} Ba6 14. Ne4 $11) 13... Nd5 14. Nd2 Ba6 15. Ne4 {Strongly threatening Nd6+.} O-O 16. Bd3 Bxd3 17. Qxd3 f6 18. exf6 Nxf6 19. Nxf6+ {[%mdl 64] [#] Discovered Attack} Qxf6 20. O-O Rac8 21. f3 Qg5 22. Rfd1 d5 23. Qd2 Qg6 {White must now prevent ...Rc2.} 24. Rac1 {The position is equal.} Rxc1 25. Rxc1 Rxf3 $11 {[%mdl 4096] Endgame KQR-KQR} 26. Rc8+ Rf8 27. Rxf8+ Kxf8 {KQ-KQ} 28. Qf4+ Qf5 29. Qb8+ {[%mdl 64] [#] Double Attack} Kf7 {Hoping for ...Qb1+.} 30. Qxa7+ Kf6 {Threatens to win with ...Qb1+.} 31. Qxb6 Qb1+ 32. Kf2 Qc2+ 33. Ke3 Qc1+ 34. Kd3 Qd1+ 35. Ke3 Qc1+ 36. Kd3 {Accuracy: White = 77%, Black = 72%.} 1/2-1/2

[Event "GEO-ch U20 Girls 2020"]
[Site "Tbilisi"]
[Date "2020.08.10"]
[Round "5.12"]
[White "Lagazauri, Tamar"]
[Black "Bedoshvili, Dea"]
[Result "0-1"]
[WhiteElo "1709"]
[BlackElo "1587"]
[Annotator "NA"]
[PlyCount "90"]
[EventDate "2020.08.06"]
[EventType "tourn"]
[EventCountry "GEO"]
[SourceTitle "playchess.com"]
[Source "ChessBase"]
[SourceQuality "1"]
[TimeControl "40/5400+30:1800+30"]

1. c4 {[%emt 0:00:00]} c6 {[%emt 0:01:27]} 2. Nc3 {[%emt 0:00:22]} d5 {[%emt 0:00:04]} 3. d4 {[%emt 0:02:59]} e6 {[%emt 0:00:12]} 4. Nf3 {[%emt 0:02:55]} Nd7 {[%emt 0:00:06]} 5. Bf4 {[%emt 0:01:02]} Ngf6 {[%emt 0:00:25]} 6. e3 {[%emt 0:00:39]} Be7 {[%emt 0:00:06]} 7. Qc2 {[%emt 0:02:01]} O-O {[%emt 0:00:14]} 8. h3 {[%emt 0:02:09]} dxc4 {[%emt 0:07:01]} 9. Bxc4 {[%emt 0:00:26]} b6 {[%emt 0:00:45]} 10. O-O {[%emt 0:01:22]} Bb7 {[%emt 0:00:03]} 11. e4 {[%emt 0:13:21]} Re8 {[%emt 0:05:45]} 12. Rfe1 {[%emt 0:04:54]} Nf8 {[%emt 0:00:39]} 13. Rad1 {[%emt 0:03:53]} Ng6 {[%emt 0:13:26]} 14. Bh2 {[%emt 0:00:50]} b5 {[%emt 0:00:12]} 15. Bb3 {[%emt 0:19:09]} Qb6 {[%emt 0:03:37]} 16. Ne5 {[%emt 0:14:02]} Rad8 {[%emt 0:02:14]} 17. Nxg6 {[%emt 0:07:00]} hxg6 {[%emt 0:00:06]} 18. d5 {[%emt 0:12:20]} exd5 {[%emt 0:04:14]} 19. exd5 {[%emt 0:02:25]} c5 {[%emt 0:03:54]} 20. d6 {[%emt 0:04:18]} Bxd6 {[%emt 0:00:42]} 21. Rxe8+ {[%emt 0:01:04]} Nxe8 {[%emt 0:00:06]} 22. Bxd6 {[%emt 0:00:22]} Rxd6 {[%emt 0:01:21]} 23. Rxd6 {[%emt 0:01:15]} Nxd6 {[%emt 0:00:05]} 24. Bd5 {[%emt 0:02:34]} Bc8 {[%emt 0:01:52]} 25. Qxg6 {[%emt 0:00:20]} Qc7 26. Qg3 Qe7 {[%emt 0:01:25]} 27. Kh2 {[%emt 0:01:10]} a5 {[%emt 0:01:07]} 28. b3 {[%emt 0:00:33]} Ba6 {[%emt 0:04:00]} 29. Qf3 {[%emt 0:00:32]} b4 {[%emt 0:08:28]} 30. Na4 {[%emt 0:00:24]} c4 {[%emt 0:01:06]} 31. bxc4 {[%emt 0:00:36]} Bxc4 {[%emt 0:01:25]} 32. Bxc4 {[%emt 0:00:29]} Nxc4 {[%emt 0:00:36]} 33. g3 {[%emt 0:00:23]} Qe5 {[%emt 0:01:33]} 34. Qd3 {[%emt 0:00:37]} Nd6 {[%emt 0:00:51]} 35. Nb6 {[%emt 0:00:31]} Qc5 {[%emt 0:00:15]} 36. Qe3 {[%emt 0:00:29]} Qxe3 {[%emt 0:02:54]} 37. fxe3 {[%emt 0:00:01]} Nb5 {[%emt 0:00:53]} 38. Nc4 {[%emt 0:01:01]} a4 {[%emt 0:00:08]} 39. Nb2 {[%emt 0:00:30]} Nc3 {[%emt 0:00:13]} 40. Nd3 {[%emt 0:00:31]} Nxa2 {[%emt 0:00:08]} 41. Kg2 {[%emt 0:30:29]} b3 {[%emt 0:32:03]} 42. Nb2 {[%emt 0:00:05]} Nc3 {[%emt 0:00:10]} 43. Nc4 {[%emt 0:00:06]} Nb5 {[%emt 0:00:23]} 44. Kf2 {[%emt 0:01:20]} a3 {[%emt 0:00:47]} 45. Nd2 {[%emt 0:00:07]} b2 0-1

[Event "GEO-ch U20 Girls 2020"]
[Site "Tbilisi"]
[Date "2020.08.11"]
[Round "6.7"]
[White "Koridze, Lile"]
[Black "Esadze, Tamari"]
[Result "1-0"]
[WhiteElo "1996"]
[BlackElo "1882"]
[Annotator "ChessBase"]
[PlyCount "79"]
[EventDate "2020.08.06"]
[EventType "tourn"]
[EventCountry "GEO"]
[SourceTitle "playchess.com"]
[Source "ChessBase"]
[SourceQuality "1"]
[TimeControl "40/5400+30:1800+30"]

1. d4 {[%emt 0:00:00]} d5 {[%emt 0:00:00]} 2. c4 {[%emt 0:00:00]} e6 {[%emt 0:00:00]} 3. Nf3 {[%emt 0:00:00]} Nf6 {[%emt 0:00:00]} 4. Nc3 {[%emt 0:00:00]} Bb4 {[%emt 0:00:14]} 5. Bg5 {[%emt 0:01:57]} h6 {[%emt 0:05:58]} 6. Bxf6 {[%emt 0:00:21]} Qxf6 {[%emt 0:00:03]} 7. e3 {[%emt 0:00:04]} O-O {[%emt 0:01:23]} 8. Bd3 {[%emt 0:00:17]} Nd7 {[%emt 0:08:52]} 9. O-O {[%emt 0:04:21]} Bxc3 {[%emt 0:00:25]} 10. bxc3 {[%emt 0:00:06]} b6 {[%emt 0:06:00]} 11. Qa4 {[%emt 0:06:03]} Rd8 {[%emt 0:18:39]} 12. cxd5 {[%emt 0:13:41]} exd5 {[%emt 0:00:17]} 13. e4 {[%emt 0:00:20]} Bb7 {[%emt 0:03:45]} 14. e5 {[%emt 0:00:19]} Qe7 {[%emt 0:02:50]} 15. Rae1 {[%emt 0:02:02]} c5 {[%emt 0:04:48]} 16. Nd2 {[%emt 0:08:33]} cxd4 {[%emt 0:03:16]} 17. cxd4 {[%emt 0:00:11]} Nf8 {[%emt 0:03:30]} 18. f4 Rdc8 {[%emt 0:05:21]} 19. Re3 {[%emt 0:09:16]} Bc6 {[%emt 0:09:11]} 20. Qb3 {[%emt 0:02:38]} Ne6 {[%emt 0:04:04]} 21. Qb2 {[%emt 0:01:42]} f6 {[%emt 0:05:32]} 22. Bf5 {[%emt 0:14:43]} Re8 {[%emt 0:01:38]} 23. Bg6 {[%emt 0:05:50]} Rec8 {[%emt 0:01:08]} 24. Bb1 {[%emt 0:04:22]} fxe5 {[%emt 0:04:52]} 25. Rxe5 {[%emt 0:03:47]} Qf6 {[%emt 0:00:03]} 26. Qc2 {[%emt 0:00:47]} Nf8 {[%emt 0:02:07]} 27. Qd3 {[%emt 0:02:18]} Be8 {[%emt 0:02:46]} 28. Rxd5 {[%emt 0:04:30]} Bg6 {[%emt 0:00:50]} 29. f5 {[%emt 0:00:30]} Bf7 {[%emt 0:01:16]} 30. Re5 {[%emt 0:01:57]} Nd7 {[%emt 0:01:52]} 31. Re6 {[%emt 0:00:50]} Qd8 {[%emt 0:00:37]} 32. f6 {[%emt 0:02:08]} Nxf6 {[%emt 0:01:31]} 33. Rexf6 {[%emt 0:00:23]} gxf6 {[%emt 0:00:14]} 34. Qh7+ {[%emt 0:00:04]} Kf8 {[%emt 0:00:01]} 35. Qh8+ {[%emt 0:00:07]} Bg8 {[%emt 0:01:23]} 36. Rxf6+ {[%emt 0:00:09]} Qxf6 {[%emt 0:00:22]} 37. Qxf6+ {[%emt 0:00:05]} Bf7 {[%emt 0:00:26]} 38. Bg6 {[%emt 0:00:53]} Rc1+ {[%emt 0:00:03]} 39. Nf1 {[%emt 0:00:17]} Rc7 {[%emt 0:00:04]} 40. Bxf7 {[%emt 0:00:09]} 1-0

[Event "GEO-ch U20 Girls 2020"]
[Site "Tbilisi"]
[Date "2020.08.11"]
[Round "6.8"]
[White "Kirtadze, Anastasia"]
[Black "Pipia, Ekaterine"]
[Result "0-1"]
[WhiteElo "1679"]
[BlackElo "2071"]
[Annotator "ChessBase"]
[PlyCount "76"]
[EventDate "2020.08.06"]
[EventType "tourn"]
[EventCountry "GEO"]
[SourceTitle "playchess.com"]
[Source "ChessBase"]
[SourceQuality "1"]
[TimeControl "40/5400+30:1800+30"]

1. d4 {[%emt 0:05:27]} Nf6 {[%emt 0:00:00]} 2. c4 {[%emt 0:00:35]} e6 {[%emt 0:00:00]} 3. Nf3 {[%emt 0:01:07]} d5 {[%emt 0:00:00]} 4. g3 {[%emt 0:01:31]} dxc4 {[%emt 0:00:00]} 5. Qa4+ {[%emt 0:03:29]} Nbd7 {[%emt 0:00:31]} 6. Qxc4 {[%emt 0:02:42]} c5 {[%emt 0:00:17]} 7. Bg2 {[%emt 0:02:12]} a6 {[%emt 0:00:27]} 8. dxc5 {[%emt 0:03:20]} Bxc5 {[%emt 0:00:51]} 9. O-O {[%emt 0:01:56]} b5 {[%emt 0:02:31]} 10. Qc2 {[%emt 0:02:53]} Bb7 {[%emt 0:01:11]} 11. Ne1 {[%emt 0:11:58]} Bxg2 {[%emt 0:06:53]} 12. Nxg2 {[%emt 0:00:24]} Rc8 {[%emt 0:00:14]} 13. Qd3 {[%emt 0:04:50]} Nd5 {[%emt 0:04:31]} 14. a3 {[%emt 0:06:24]} Qb6 {[%emt 0:06:16]} 15. Bd2 {[%emt 0:08:16]} Ne5 {[%emt 0:07:58]} 16. Qe4 {[%emt 0:03:31]} Nc4 {[%emt 0:01:38]} 17. Nf4 {[%emt 0:08:49]} Nf6 {[%emt 0:04:26]} 18. Qf3 {[%emt 0:02:29]} Nxb2 {[%emt 0:15:31]} 19. Bc3 {[%emt 0:01:39]} Bd4 {[%emt 0:00:38]} 20. Bxd4 {[%emt 0:01:06]} Qxd4 {[%emt 0:00:01]} 21. Ra2 {[%emt 0:03:45]} O-O {[%emt 0:04:28]} 22. e3 {[%emt 0:02:43]} Qe5 {[%emt 0:00:14]} 23. Nd2 {[%emt 0:01:46]} Na4 {[%emt 0:03:40]} 24. Qg2 {[%emt 0:03:58]} Rfd8 {[%emt 0:02:24]} 25. Nf3 {[%emt 0:00:40]} Qe4 {[%emt 0:00:42]} 26. g4 {[%emt 0:02:37]} e5 {[%emt 0:07:34]} 27. g5 {[%emt 0:01:10]} Nd5 {[%emt 0:01:10]} 28. Ne2 {[%emt 0:01:37]} Qc4 {[%emt 0:02:10]} 29. Rd2 {[%emt 0:02:20]} Ndc3 {[%emt 0:02:56]} 30. Rxd8+ {[%emt 0:00:38]} Rxd8 {[%emt 0:00:01]} 31. Ng3 {[%emt 0:01:00]} Qc5 {[%emt 0:01:46]} 32. Nh4 {[%emt 0:02:19]} Qxa3 {[%emt 0:01:32]} 33. Nhf5 {[%emt 0:00:56]} Qf8 {[%emt 0:00:51]} 34. Nh5 {[%emt 0:01:13]} b4 {[%emt 0:03:02]} 35. Nfxg7 {[%emt 0:01:39]} b3 {[%emt 0:01:01]} 36. Qh3 {[%emt 0:01:43]} Kh8 {[%emt 0:01:25]} 37. Nf5 {[%emt 0:01:56]} Qg8 {[%emt 0:00:28]} 38. Qg3 {[%emt 0:01:28]} Ne2+ {[%emt 0:01:53]} 0-1